| 000 | 00808nam a2200205 a 4500 | ||
|---|---|---|---|
| 001 | 000740537 | ||
| 003 | AM-YeHGA | ||
| 005 | 20250617143352.0 | ||
| 008 | 100603s1985 ||| r 000 0 rus d | ||
| 040 | _aAM-YeHGA | ||
| 041 | 0 | _arus | |
| 100 | 1 |
_aБондарев, Юрий Васильевич _d1924- |
|
| 245 | 1 | 0 |
_aБерег : _bРоман / _cЮрий Бондарев. |
| 260 |
_aЙошкар-Ола : _bМарийское кн. изд-во, _c1985. |
||
| 300 |
_a397 с. : _bил. |
||
| 653 | 0 | _aПисатели советские (х. л.) | |
| 653 | 0 | _aСоветская Армия на фронтах Великой Отечественной войны 1941-1945 гг. (х. л.) | |
| 653 | 0 | _aСоветско-германские (ФРГ) отношения (х. л.) | |
| 090 | _c275548 | ||
| 999 |
_c273905 _d273905 |
||